000 01236nab a22002297a 4500
999 _c6217
_d6217
003 OSt
005 20260126002820.0
008 190514b xxu||||| |||| 00| 0 spa d
040 _cPJ
100 _95891
_aPérez Hortal, María Eugenia
245 1 3 _aLa acción de desalojo entre coherederos /
_cMaría Eugenia Pérez Hortal.
300 _ap. 44-51
500 _aCita: TR LALEY AR/DOC/2122/2024.
505 _aSumario: I. Introducción.— II. El planteo judicial. Su desarrollo.— III. El desalojo entre herederos forzosos.— IV. Transmisión de la posesión hereditaria a los herederos.— V. Proceso de indivisión hereditaria. El uso y goce exclusivo de los bienes por un coheredero. La acción de partición.— VI. Conclusiones.
505 _tFallo comentado: CCiv. y Com., La Matanza, sala I ~ 20/02/2024 ~ O. N. D. V. y otros c. T., N. B. Y O/A s/ desalojo (excepto por falta de pago).
650 0 _9967
_aDERECHO DE FAMILIA
650 0 _9888
_aSUCESIONES
650 0 _91084
_aHEREDEROS
650 0 _91057
_aJURISPRUDENCIA APLICABLE
773 0 _02844
_93222
_dBuenos Aires : AbeledoPerrot, 1989-
_tDerecho de familia. Revista Interdisciplinaria de doctrina y jurisprudencia. Octubre 2024-V.
_z18511201
942 _2udc
_cANA